• 首页
  • 本馆介绍
  • 公告通知
  • 最新文献
  • 馆藏检索
  • 电子资源
  • 读者导购
  • 参考咨询
  • 我的图书馆
  • 登录
  • 详细信息显示
  • 放入我的书架
  • 预约/预借图书
  • 作者相关作品
  • 分类相关作品
  • 丛书相关作品
  • 出版社相关作品

书目信息

  • 表格格式
  • 工作单格式
  • 卡片格式
题名:
多音字辨析
    
 
作者: 李华灿 编写
分册:  
出版信息: 济南   山东教育出版社  1982.07
页数: 309页
开本: 19cm
丛书名:
单 册:
中图分类: H125.3
科图分类:
主题词: 汉字--文字学
电子资源:
ISBN:
000 00561nam0 2200205 45
001 0311180803
005 20040301105306.1
010    @dCNY0.78
091    @a9275.2
100    @a20031118d1982 km y0chiy0120 ea
101 0  @achi
105    @a z 000yy
200 1  @a多音字辨析@ADuo Yin Zi Bian Xi@f李华灿编写@FLi Hua Can Bian Xie
210    @a济南@c山东教育出版社@d1982.07
215    @a309页@d19cm
606 0  @a汉字@x文字学
690    @aH125.3@v3
701  0 @a李华灿@4编写
801    @aCN@bTSTC@c20031118
905    @dH125.3@e7@f3@b96031-033@b84640@f1@b84636@f1
    
    多音字辨析/李华灿编写.-济南:山东教育出版社,1982.07
    309页;19cm
    
    
    ISBN :CNY0.78
    
●
相关链接 在E读中查询图书 在五车中查询图书 在当当中查询图书 在豆瓣中查询图书


正题名:多音字辨析     索取号:H125.3/7         预约/预借

序号 登录号 条形码 馆藏地/架位号 状态 备注
1 0084636   001888041   密集书库/ [索取号:H125.3/7] 在馆    
2 0084637   001525772   密集书库/ [索取号:H125.3/7] 在馆    
3 0084638   001525790   密集书库/ [索取号:H125.3/7] 在馆    
4 0084639   001525781   密集书库/ [索取号:H125.3/7] 在馆    
5 0084640   001888005   密集书库/ [索取号:H125.3/7] 在馆    
6 0096031   001887881   密集书库/ [索取号:H125.3/7] 在馆    
7 0096032   001887925   密集书库/ [索取号:H125.3/7] 在馆    
8 0096033   001887961   密集书库/ [索取号:H125.3/7] 在馆    
唐山师范学院图书馆 欢迎您!
大连网信软件有限公司© 版权所有